00926pab a2200169 454500008004000000100001900040245007200059260000900131300001600140362001100156520048100167650002700648650001900675650001800694650001000712773003400722180718b2006 xxu||||| |||| 00| 0 eng d aJain, Shobhita aWomen's agency in the context of family networks in Indian diaspora c2006 ap.2312-316. a10 Jun aIn diasporic settings, such issues as to who is a citizen, who can enter the family networks after obtaining which kind of visa are also located in "family" domains. Women in diasporas collaborate, acquiesce, co-opt and at times subvert the communication channels in family networks in order to negotiate economic hardships and gender-based oppresson. In the process they tend to either become victims or emerge as stronger, more empowered and innovative beings. - Reproduced. aNon resident - Indians aFamily - India aWomen - India aWomen aEconomic and Political Weekly